000 00644nam a22002297a 4500
001 86797
003 UA-OsUOA
005 20211105214719.0
007 ta
008 20120911b un ||||| |||| 00| 0 ukr d
040 _aUA-OsUOA
_brus
_cUA-OsUOA
_dUA-OsUOA
041 _arus
080 _a94(470+571)
090 _a94(470+571)
_bЛ99
100 _aЛяшенко Л. М.
245 _aРеволюционные народники
_bкнига для учащихся старших классов
260 _aМ.
_bПросвещение
_c1989
300 _a143 с.
650 7 _a94 Історія
_2UDC
942 _cBK
_2udc
955 _a2
999 _c372971
_d372971